[Event "CZE-chT2E 2223"]
[Site "Czech Republic"]
[Date "2023.03.05"]
[Round "10.8"]
[White "Riha, Otmar"]
[Black "Stepan, Petr"]
[Result "0-1"]
[WhiteElo "1924"]
[BlackElo "1715"]
[PlyCount "90"]
[EventDate "2022.10.16"]
[EventType "team-tourn"]
[EventRounds "11"]
[EventCountry "CZE"]
[SourceTitle "EXT 2024"]
[Source "ChessBase"]
[SourceDate "2023.10.10"]
[SourceVersion "1"]
[SourceVersionDate "2023.10.10"]
[SourceQuality "1"]
[WhiteTeam "Brno VSK Univ"]
[BlackTeam "Olomouc"]
[WhiteTeamCountry "CZE"]
[BlackTeamCountry "CZE"]

1. e4 e5 2. Nf3 Nc6 3. d4 d6 4. dxe5 Nxe5 5. Nxe5 dxe5 6. Qxd8+ Kxd8 7. Bc4 Ke8 8. Nc3 c6 9. 0-0 Bc5 10. a3 Ne7 11. Na4 Bd6 12. Rd1 Bc7 13. Nc5 Rf8 14. Bg5 h6 15. Be3 b6 16. Na6 Bd8 17. Nb4 Bc7 18. Rd2 f5 19. f3 a5 20. Nd3 fxe4 21. fxe4 Ng6 22. h3 Rf6 23. Rad1 Ke7 24. Nf2 Nf4 25. Ng4 Rg6 26. Kh2 h5 27. Nf2 Rxg2+ 28. Kh1 Rg3 29. Bxf4 exf4 30. Rd3 Rxd3 31. Rxd3 Be5 32. c3 b5 33. Bb3 g5 34. Bd1 h4 35. Bg4 Be6 36. Bxe6 Kxe6 37. Kg2 b4 38. axb4 axb4 39. cxb4 Bxb2 40. Rb3 Bd4 41. Nd3 Ra2+ 42. Kf3 Rh2 43. Kg4 Rg2+ 44. Kh5 Rg3 45. Kg6 f3 0-1

[Event "CZE-chT2E 2223"]
[Site "Czech Republic"]
[Date "2022.12.18"]
[Round "5.8"]
[White "Stepan, Petr"]
[Black "Marek, Jakub"]
[Result "0-1"]
[WhiteElo "1715"]
[BlackElo "1873"]
[PlyCount "48"]
[EventDate "2022.10.16"]
[EventType "team-tourn"]
[EventRounds "11"]
[EventCountry "CZE"]
[SourceTitle "EXT 2024"]
[Source "ChessBase"]
[SourceDate "2023.10.10"]
[SourceVersion "1"]
[SourceVersionDate "2023.10.10"]
[SourceQuality "1"]
[WhiteTeam "Olomouc"]
[BlackTeam "Znojmo"]
[WhiteTeamCountry "CZE"]
[BlackTeamCountry "CZE"]

1. d4 Nf6 2. Nf3 g6 3. Nc3 d5 4. h3 Bg7 5. Bf4 0-0 6. Qd2 Ne4 7. Nxe4 dxe4 8. Ne5 Nd7 9. Ng4 c5 10. c3 cxd4 11. cxd4 Nb6 12. e3 Be6 13. Bh6 Bxh6 14. Nxh6+ Kg7 15. Ng4 Rc8 16. Be2 Qc7 17. Qa5 h5 18. Ne5 Qc2 19. Nxg6 fxg6 20. Qe5+ Rf6 21. f3 Qxb2 22. Kf2 Rc2 23. Rae1 Nc4 24. Qxe4 Bf5 0-1

[Event "Olomouc op 23rd"]
[Site "Olomouc"]
[Date "2022.08.13"]
[Round "1"]
[White "Stepan, Petr"]
[Black "Marek, Matyas"]
[Result "0-1"]
[WhiteElo "1767"]
[BlackElo "2353"]
[PlyCount "66"]
[EventDate "2022.08.13"]
[EventType "swiss"]
[EventRounds "9"]
[EventCountry "CZE"]
[SourceTitle "CBM 209 Extra"]
[Source "ChessBase"]
[SourceDate "2022.09.30"]
[SourceVersion "1"]
[SourceVersionDate "2022.09.30"]
[SourceQuality "1"]

1. d4 Nf6 2. Nf3 g6 3. c4 Bg7 4. Nc3 0-0 5. e4 d6 6. Be2 e5 7. dxe5 dxe5 8. Qxd8 Rxd8 9. Bg5 Re8 10. 0-0 c6 11. Rad1 Nbd7 12. Nd2 Nc5 13. b4 Ne6 14. Bh4 Nd4 15. Bd3 a5 16. b5 a4 17. Nf3 Bg4 18. Bxf6 Bxf6 19. Be2 Be6 20. Bd3 Red8 21. Ne1 Be7 22. Rb1 Bc5 23. Rb2 Rdc8 24. Nf3 Nxf3+ 25. gxf3 Rd8 26. Rd1 Rd4 27. Ne2 Rd6 28. Nc3 a3 29. Rbb1 Rad8 30. Be2 Rxd1+ 31. Rxd1 Rxd1+ 32. Nxd1 cxb5 33. Nc3 b4 0-1